000 004810000a22001930004500
003 LK-CoMWRAF
008 230817t ||||| |||| 00| 0 eng d
020 _a8173042071
040 _aLK-CoMWRAF
_dLK-CoMWRAF
_eLK-CoMWRAF
041 _aeng
082 _a430
_bETH
245 _aEthnicity consititution reform in South Asia
_b
260 _aNew Delhi
_bManohar
_c1998
300 _ap.190
650 _aLAW
650 _aSouth Asia
700 _aIftekharuzzaman
_eed.
942 _cBK
999 _c2543
_d2543